00804nam a22002177a 450000500170000001000140001702000250003103500130005603700130006908200100008210000230009224500880011526000500020327000640025330000220031765000410033965000320038094200240041299900170043695201330045320100802154849.0 aENG-97796 a9788190879231c75.00 aEN-81329 bDBAD/PUB a519.5 aBabu Raj, P.94467 aEconomic and business statistics :bfor B.A. economics and B.B.A /cby P. Babu Raj  aTholayavattambAnnai Velankanni Collegec2009 aDept. of Economics, Annai Velankanni CollegebTholayavattam a139p.c20cm (pbk) aEconomics - Statistical Method94468 aCommercial Statistics94469 2ddccENh519.5mBAB c38761d38761 001040718NFICaDBADbDBADd2010-08-02eDBAD/PUBg75.00l0o519.5 BABpEN-81329r2010-08-02 00:00:00t1v75.00w2010-08-02yEN